Characterization of Aluminum powders I. Parameters of reactivityof Aluminum powders; Propellants, Explosives, Pyrotechnics; Vol. 27, № 6
| Parent link: | Propellants, Explosives, Pyrotechnics.— , 1965- Vol. 27, № 6.— 2002.— [P. 361-364] |
|---|---|
| その他の著者: | , , , |
| 要約: | Title screen For testing the determination of the reactivity of aluminum powders it is proposed to use the following parameters: temperature of the beginning of oxidation, maximal oxidation rate, degree of transformation (degree of oxidation) of aluminum, relative thermal effect. Parameters for an evaluation of the reactivity of powders were chosen following the analysis of results of a non-isothermal oxidation of powders of different grain size under conditions of programmed heating (the oxidizer being air). According to the proposed method of testing, the sample of ultrafine powder UFAP-4 produced by the electrical explosion of wires has the highest reactivity among the studied powders. Режим доступа: по договору с организацией-держателем ресурса |
| 言語: | 英語 |
| 出版事項: |
2002
|
| 主題: | |
| オンライン・アクセス: | http://dx.doi.org/10.1002/prep.200290006 |
| フォーマット: | MixedMaterials 電子媒体 図書の章 |
| KOHA link: | https://koha.lib.tpu.ru/cgi-bin/koha/opac-detail.pl?biblionumber=649797 |
MARC
| LEADER | 00000naa0a2200000 4500 | ||
|---|---|---|---|
| 001 | 649797 | ||
| 005 | 20250307095527.0 | ||
| 035 | |a (RuTPU)RU\TPU\network\14959 | ||
| 035 | |a RU\TPU\network\14957 | ||
| 090 | |a 649797 | ||
| 100 | |a 20160811d2002 k||y0rusy50 ba | ||
| 101 | 0 | |a eng | |
| 102 | |a US | ||
| 135 | |a drcn ---uucaa | ||
| 181 | 0 | |a i | |
| 182 | 0 | |a b | |
| 200 | 1 | |a Characterization of Aluminum powders I. Parameters of reactivityof Aluminum powders |f A. P. Ilyin [et al.] | |
| 203 | |a Text |c electronic | ||
| 300 | |a Title screen | ||
| 320 | |a [References: p. 364 (5 tit.)] | ||
| 330 | |a For testing the determination of the reactivity of aluminum powders it is proposed to use the following parameters: temperature of the beginning of oxidation, maximal oxidation rate, degree of transformation (degree of oxidation) of aluminum, relative thermal effect. Parameters for an evaluation of the reactivity of powders were chosen following the analysis of results of a non-isothermal oxidation of powders of different grain size under conditions of programmed heating (the oxidizer being air). According to the proposed method of testing, the sample of ultrafine powder UFAP-4 produced by the electrical explosion of wires has the highest reactivity among the studied powders. | ||
| 333 | |a Режим доступа: по договору с организацией-держателем ресурса | ||
| 461 | |t Propellants, Explosives, Pyrotechnics |d 1965- | ||
| 463 | |t Vol. 27, № 6 |v [P. 361-364] |d 2002 | ||
| 610 | 1 | |a электронный ресурс | |
| 610 | 1 | |a труды учёных ТПУ | |
| 610 | 1 | |a алюминий | |
| 610 | 1 | |a окисление | |
| 610 | 1 | |a порошки | |
| 610 | 1 | |a скорость окисления | |
| 701 | 1 | |a Ilyin |b A. P. |c chemist |c Professor of Tomsk Polytechnic University, Doctor of physical and mathematical sciences |f 1949- |g Aleksandr Petrovich |3 (RuTPU)RU\TPU\pers\33060 |9 16894 | |
| 701 | 1 | |a Gromov |b A. A. |c Chemical Engineer |c Professor of Tomsk Polytechnic University, Doctor of technical sciences |f 1975- |g Aleksandr Aleksandrovich |3 (RuTPU)RU\TPU\pers\33059 |9 16893 | |
| 701 | 1 | |a An |b V. V. |c chemist |c Professor of Tomsk Polytechnic University, Doctor of Chemical Sciences |f 1972- |g Vladimir Vilorievich |3 (RuTPU)RU\TPU\pers\33866 |9 17455 | |
| 701 | 1 | |a Faubert |b F. |g Francois | |
| 801 | 2 | |a RU |b 63413507 |c 20161027 |g RCR | |
| 856 | 4 | |u http://dx.doi.org/10.1002/prep.200290006 | |
| 942 | |c CF | ||